00800nam a2200253 a 450000100060000000300080000600500170001400800410003103500190007203500110009104000270010204100080012908200210013710000280015824500570018626000280024330000270027150400510029865000200034965000230036994200120039299900170040495201250042143359BD-RjUL20211209053704.0160621s1952 enk b 001 0 eng d a(BD-RjUL)43477 a883500 aNUNbengcNUNdBD-RjUL aeng04a657.48bLAP 19521 aLacey, Kenneth.913318010aProfit measurement and price changes /cby K. Lacey. aLondon :bPitman,c1952 axiii, 129 p. ;c22 cm. aIncludes bibliographical references and index. 0aProfit 9130574 0aAccounting9133181 2ddccBK c43359d43359 00102ddc40708NFICaRUCLbRUCLcStackd1956-01-10g1.00l0o657.48 LAP 1952r2016-06-21 00:00:00tC-2w2021-12-09yBK